000 00960nam a2200313 4500
003 CO-ViMGA
020 _a9789588756622
040 _aCO-ViMGA
_bspa
_cCO-ViMGA
082 0 4 _a611
_bG72f
100 1 _aGreen, Dan.
_96072
245 1 0 _aLa fábrica del cuerpo humano /
_cDan Green.
260 _aColombia:
_bPanamericana,
_c2012.
300 _a48 p. ;
_bil. , col. ; 31 cm.
500 _aIncluye glosario e indice.
534 _tHuman body factory.
650 1 4 _aAnatomía humana.
_96074
650 1 4 _aAparato digestivo.
_96078
650 1 4 _aCuerpo humano.
_91714
650 1 4 _aEsqueletos.
_96076
650 1 4 _aInmunología - Enseñanza.
_96073
650 1 4 _aMúsculos - Anatomía.
_96075
650 1 4 _aPiel.
_96077
650 1 4 _aSistema cardiovascular.
_96079
650 1 4 _aSistema nervioso.
_96080
700 1 _aCarrasquilla, Marcela,
_eed.
_91786
700 1 _aDavis, Edmond,
_eil.
_96081
700 1 _aRamos Solís, Cristina,
_etr.
_96082
942 _cBK
999 _c37441
_d37441